Aukcie pri obchodovaní s emisnými kvótami skleníkových plynov od roku 2013
Medzinárodný a národný právny rámec pre obchodovanie s emisnými kvótami. Súčasný a pripravovaný systém obchodovania s emisnými kótami. Proces predaja emisných kvót prostredníctvom aukcií. Funkcie a fungovanie aukčných platforiem. Úpravy revidovanej smernice využívania získaných finančných prostriedk...
Salvato in:
| Autore principale: | |
|---|---|
| Natura: | Capitolo di libro |
| Lingua: | slovacco |
| Soggetti: | |
| Tags: |
Nessun Tag, puoi essere il primo ad aggiungerne!!
|
MARC
| LEADER | 00000naa a2200000 4500 | ||
|---|---|---|---|
| 001 | 0124924 | ||
| 005 | 20220729111250.9 | ||
| 041 | 0 | |a slo | |
| 044 | |a SK | ||
| 245 | 1 | 0 | |a Aukcie pri obchodovaní s emisnými kvótami skleníkových plynov od roku 2013 |c Gabriela Bizoňová |
| 520 | |a Medzinárodný a národný právny rámec pre obchodovanie s emisnými kvótami. Súčasný a pripravovaný systém obchodovania s emisnými kótami. Proces predaja emisných kvót prostredníctvom aukcií. Funkcie a fungovanie aukčných platforiem. Úpravy revidovanej smernice využívania získaných finančných prostriedkov z predaja emisných kvót. | ||
| 610 | 2 | 0 | |a aukcie |
| 610 | 2 | 0 | |a emisie |
| 610 | 2 | 0 | |a obchod |
| 610 | 2 | 0 | |a kvóty |
| 610 | 2 | 0 | |a ochrana prostredia životného |
| 610 | 2 | 0 | |a legislatíva |
| 100 | 1 | |a Bizoňová, Gabriela | |